Normal view
MARC view
Entry Personal Name
001 - CONTROL NUMBER
- control field: 22
003 - CONTROL NUMBER IDENTIFIER
- control field: OSt
005 - DATE AND TIME OF LATEST TRANSACTION
- control field: 20140507162047.0
008 - FIXED-LENGTH DATA ELEMENTS
- fixed length control field: 090820|||a|||||| | ||| d
040 ## - CATALOGING SOURCE
- Original cataloging agency: OSt
- Transcribing agency: OSt
100 ## - HEADING--PERSONAL NAME
- Personal name: Birznieks, Gunther.
670 ## - SOURCE DATA FOUND
- Source citation: Work cat.: (OSt)10: Guelich, Scott. 8, CGI programming with Perl /, 2000.